LDR 01424naa#a2200193#i#450# 001 RU\\bibl\122188 005 20260429165704.3 011 ## _a2074-1626 100 ## _a20260416b2026####ek#y0rusy0150####ca 102 ## _aRU 200 1# _aСОВЕРШЕНСТВОВАНИЕ ТРУДОВОГО ЗАКОНОДАТЕЛЬСТВА В СФЕРЕ ЗАЩИТЫ ПРАВ ГРАЖДАН ОТ БЕЗРАБОТИЦЫ ПРИ ИЗМЕНЕНИИ ОРГАНИЗАЦИОННЫХ И ТЕХНОЛОГИЧЕСКИХ УСЛОВИЙ ТРУДА _eЖурнальная статья 210 1# _aСанкт-Петербург _cСанкт-Петербургский университет Государственной противопожарной службы Министерства Российской Федерации по делам гражданской обороны, чрезвычайным ситуациям и ликвидации последствий стихийных бедствий имени Героя Российской Федерации генерала армии Е.Н. Зиничева _d2026 215 ## _a6 с. 608 ## _aЖурнальная статья _2local 675 ## _aТрудовое право. 349.2 _z 700 #1 _aТрапезникова _gМарина Михайловна 700 #1 _aШарт _gОльга Алексеевна 700 #1 _aЯшенков _gАртём Павлович 856 4# _ajournals.igps.ru _u